A szamárbőr regény

Bibliographic Details
Main Author: Balzac, Honoré de, 1799-1850 (Author)
Other Authors: Rónay, György, 1913-1978 (Translator)
Format: Book
Language:Hungarian
French
PhysicalDescription:316 s. 21 cm
Published: Bratislava Madách 1983
ISBN:9630732203
Subjects:

MARC

LEADER 00000cam a2200000 a 4500
001 vtls001117171
003 SK-MaSNL
005 20260301055629.0
008 240226s1983 xo gr 000 f hun
015 |a SNBA1984/01 
020 |a 9630732203  |q (viazané) 
035 |a SNK000060014 
035 |a B201EFD7-5953-4C9E-8398-EE846005F728 
035 |a urn:nbn:sk:snk-am00ijar 
040 |a SNK  |b slo  |c SNK  |e AACR2 
041 1 |a hun  |h fre 
044 |a xo  |c SK 
072 7 |a 821.133.1  |x Francúzska literatúra, francúzsky písaná  |2 konspekt 
080 |a 821.133.1  |2 2011 
080 |a 82-311.4  |2 2011 
100 1 |a Balzac, Honoré de,  |d 1799-1850  |4 aut  |9 105284 
240 1 3 |a La peau de chagrin  |l Maďarsky 
245 1 2 |a A szamárbőr  |b regény  |c Honoré de Balzac ; [z francúzskeho originálu La peau de chagrin ... preložil György Rónay] 
260 |a Bratislava  |b Madách  |c 1983 
300 |a 316 s.  |c 21 cm 
366 |e 1100 výtl. 
500 |a Spoluvyd. Európa Könyvkiadó, Budapest 
655 7 |a francúzske romány  |2 SNKPH  |9 70252 
655 7 |a spoločenské romány  |2 SNKPH  |9 70538 
655 7 |a French fiction  |2 SNKPHeng  |9 276886 
655 7 |a Society novels  |2 SNKPHeng  |9 278721 
700 1 |a Rónay, György,  |d 1913-1978  |4 trl  |9 103271 
710 2 |a Európa Kőnyvkiadó  |4 pbl  |9 173806 
852 |a Slovenská národná knižnica 
919 |a 963-07-3220-3 
954 |a beletria cudzojazyčná (svetová)  |2 lita 
958 |a LX 
958 |a TL 
958 |a UP 
958 |a OND 
958 |a EUIPO 
958 |a RK 
999 |c 613802  |d 615732 
952 |a SNK  |b SNK  |y VYP  |7 0  |p 17A0677908  |o snkSC 59797 D1  |i snkKSP 10035/83  |0 0  |1 0  |4 0  |d 2010-11-25  |l 0  |r 2026-02-23 16:31:07  |w 2026-02-23 
952 |a SNK  |b SNK  |y PREZ  |7 0  |p 17A0900814  |o snkSC 59797  |i snkKSP 10034/83  |0 0  |1 0  |4 0  |d 2012-08-06  |f 1  |l 0  |r 2025-06-09 00:00:00  |w 2026-02-23